000 00571nam a22001817a 4500
005 20240322152641.0
010 _aENG-139729
020 _a9789354422584
_c1105.00
035 _aEN-123261
037 _bDBAD
082 _a954.52
100 _aSamaddar, Ranabir
_963887
245 _aImprints of The Populist Time /
_cby Ranabir Samaddar
260 _aHyderabad
_bOrient Blackswan Private Ltd
_c2022
270 _a3-6-752, Himayatnagar
_bHyderabad
_e500029
_minfo@orintblackswan.com
300 _axii,339p.
_c21cm(Pb)
942 _2ddc
_cEN
_h954.52
_mSAM
999 _c201751
_d201751